[Event "Gibtelecom Festival 2010 - Masters"]
[Site "Gibraltar ENG"]
[Date "2010.02.02"]
[Round "8.10"]
[White "Istratescu, Andrei"]
[Black "Bindrich, Falko"]
[Result "1/2-1/2"]
[WhiteElo "2607"]
[BlackElo "2512"]
[PlyCount "96"]
[EventDate "2010.01.26"]
[EventType "swiss"]
[EventRounds "10"]
[EventCountry "ENG"]
[Source "lmi"]
[SourceDate "2010.01.26"]

1. e4 e5 2. Nf3 Nc6 3. Bb5 a6 4. Bxc6 dxc6 5. O-O Bd6 6. d4 exd4 7. Qxd4 f6 8.
Be3 Ne7 9. Nbd2 Be6 10. Rad1 Ng6 11. Nc4 Bxc4 12. Qxc4 Qe7 13. Rfe1 O-O-O 14.
a4 Rhe8 15. Bd4 Qe6 16. Qxe6+ Rxe6 17. Bc3 c5 18. g3 b5 19. axb5 axb5 20. Rd3
b4 21. Bd2 Ne5 22. Nxe5 Bxe5 23. Rxd8+ Kxd8 24. b3 Ke8 25. Kf1 c4 26. f4 Bb2
27. bxc4 c5 28. Be3 Bc3 29. Re2 Kf7 30. Bf2 Bd4 31. Bxd4 cxd4 32. Ke1 Rc6 33.
Kd2 Rxc4 34. Kd3 Rc3+ 35. Kxd4 h5 36. f5 g6 37. Rf2 Kg7 38. Kd5 b3 39. cxb3
Rxb3 40. Rc2 gxf5 41. exf5 Kh6 42. Ke6 Rb6+ 43. Kf7 Kg5 44. h4+ Kxf5 45. Rf2+
Kg4 46. Rxf6 Rb7+ 47. Kg6 Kxg3 48. Kxh5 Rb5+ 1/2-1/2

[Event "Gibtelecom Festival 2010 - Masters"]
[Site "Gibraltar ENG"]
[Date "2010.02.02"]
[Round "8.13"]
[White "Gopal, Geetha Narayanan"]
[Black "Carlsson, Pontus"]
[Result "1/2-1/2"]
[WhiteElo "2584"]
[BlackElo "2476"]
[PlyCount "72"]
[EventDate "2010.01.26"]
[EventType "swiss"]
[EventRounds "10"]
[EventCountry "ENG"]
[Source "lmi"]
[SourceDate "2010.01.26"]

1. e4 c5 2. Nf3 d6 3. d4 Nf6 4. Nc3 cxd4 5. Nxd4 g6 6. Be3 a6 7. f3 b5 8. Qd2
Bb7 9. Be2 Nbd7 10. O-O b4 11. Nd5 Nxd5 12. exd5 Bxd5 13. a3 bxa3 14. Rxa3 Bb7
15. Rfa1 Qc8 16. Rc3 Qb8 17. Rb3 Qc8 18. Rc3 Qb8 19. Ra4 Bg7 20. Rb4 Nc5 21.
Nb3 O-O 22. Nxc5 dxc5 23. Rxc5 Rd8 24. Qe1 Rd7 25. Qg3 Qd8 26. c3 a5 27. Ra4
Bd5 28. Ra1 Bb3 29. h3 a4 30. Kh2 Rd5 31. Rxd5 Qxd5 32. f4 Rd8 33. Qf2 e6 34.
Bf3 Qb5 35. Bb6 Rd7 36. Re1 Rd6 1/2-1/2

[Event "Gibtelecom Festival 2010 - Masters"]
[Site "Gibraltar ENG"]
[Date "2010.02.02"]
[Round "8.16"]
[White "Cori Tello, Deysi"]
[Black "Naumann, Alexander"]
[Result "0-1"]
[WhiteElo "2412"]
[BlackElo "2525"]
[PlyCount "78"]
[EventDate "2010.01.26"]
[EventType "swiss"]
[EventRounds "10"]
[EventCountry "ENG"]
[Source "lmi"]
[SourceDate "2010.01.26"]

1. d4 Nf6 2. c4 e6 3. Nf3 d5 4. g3 dxc4 5. Qa4+ Nbd7 6. Bg2 a6 7. Nc3 Rb8 8.
Qxc4 b5 9. Qd3 Bb7 10. O-O c5 11. a3 cxd4 12. Qxd4 Be7 13. Bf4 Rc8 14. Bd6 Nc5
15. Bxe7 Qxd4 16. Nxd4 Kxe7 17. Bxb7 Nxb7 18. Rac1 Rhd8 19. Ncxb5 Rxc1 20. Rxc1
Na5 21. b4 axb5 22. e3 Rxd4 23. exd4 Nb3 24. Rd1 Kd6 25. Rd3 Nc1 26. Rd1 Na2
27. Rd2 Nc3 28. Rc2 Nfd5 29. Kf1 Nb1 30. Rc8 Nxa3 31. Rg8 g6 32. Rg7 Ke7 33.
Rxh7 Nxb4 34. h4 Nc6 35. Ke2 Nxd4+ 36. Kd3 Nf3 37. Rh8 Nc4 38. Ke4 Nfd2+ 39.
Kd3 b4 0-1

[Event "Gibtelecom Festival 2010 - Masters"]
[Site "Gibraltar ENG"]
[Date "2010.02.02"]
[Round "8.24"]
[White "Cori Tello, Jorge"]
[Black "Solomon, Kenny"]
[Result "1-0"]
[WhiteElo "2483"]
[BlackElo "2368"]
[PlyCount "177"]
[EventDate "2010.01.26"]
[EventType "swiss"]
[EventRounds "10"]
[EventCountry "ENG"]
[Source "lmi"]
[SourceDate "2010.01.26"]

1. e4 e5 2. Nf3 Nc6 3. Bb5 a6 4. Ba4 Nf6 5. O-O Be7 6. Re1 b5 7. Bb3 d6 8. c3
O-O 9. d3 Na5 10. Bc2 c5 11. Nbd2 Nc6 12. Nf1 Re8 13. Ng3 h6 14. h3 Be6 15. Be3
d5 16. exd5 Nxd5 17. d4 Nxe3 18. fxe3 exd4 19. Qd3 g6 20. exd4 Bf8 21. Rad1
cxd4 22. Nxd4 Qb6 23. Kh1 Nxd4 24. cxd4 Bc4 25. Qd2 Rxe1+ 26. Qxe1 Rd8 27. b3
Be6 28. Qe3 Bg7 29. Ne2 Qd6 30. Be4 Bd7 31. Bf3 Rc8 32. Nc3 f5 33. Nd5 Re8 34.
Qf4 Qxf4 35. Nxf4 Kf7 36. Rc1 Rc8 37. Re1 a5 38. Bd5+ Kf6 39. Be6 Bxe6 40.
Rxe6+ Kf7 41. Rd6 Rc1+ 42. Kh2 Rd1 43. Rd7+ Kg8 44. Rd8+ Kf7 45. Rd7+ Kg8 46.
Nxg6 Bxd4 47. Rb7 Bc5 48. Kg3 Rd2 49. Rxb5 Bd6+ 50. Kf3 Rxa2 51. Nh4 f4 52. Nf5
Bf8 53. h4 a4 54. bxa4 Rxa4 55. Rb7 Ra2 56. h5 Ra4 57. Rb6 Ra5 58. Rg6+ Kf7 59.
Kxf4 Ra2 60. g3 Ra4+ 61. Kf3 Ra3+ 62. Kg4 Ra4+ 63. Kh3 Ra5 64. Nxh6+ Ke8 65.
Kh4 Be7+ 66. Kg4 Ra4+ 67. Kh3 Ra5 68. Rg8+ Kd7 69. g4 Ke6 70. Nf5 Ra3+ 71. Kg2
Bf6 72. Re8+ Kf7 73. Re3 Ra2+ 74. Kf3 Bg5 75. Rb3 Ra1 76. Nd6+ Ke6 77. Ne4 Bc1
78. Rc3 Ke5 79. g5 Kd4 80. g6 Bh6 81. Rb3 Ke5 82. Nf2 Ke6 83. Ng4 Bg5 84. h6
Bxh6 85. Nxh6 Ra7 86. Rb6+ Ke5 87. Nf7+ Kf5 88. g7 Ra3+ 89. Ke2 1-0

[Event "Gibtelecom Festival 2010 - Masters"]
[Site "Gibraltar ENG"]
[Date "2010.02.02"]
[Round "8.25"]
[White "Molina, Antonio"]
[Black "Harika, Dronavalli"]
[Result "0-1"]
[WhiteElo "2148"]
[BlackElo "2471"]
[PlyCount "162"]
[EventDate "2010.01.26"]
[EventType "swiss"]
[EventRounds "10"]
[EventCountry "ENG"]
[Source "lmi"]
[SourceDate "2010.01.26"]

1. d4 Nf6 2. c4 c5 3. d5 e5 4. Nc3 d6 5. e4 Nbd7 6. g4 g6 7. Be2 a6 8. a4 Bg7
9. Be3 Qa5 10. Bd2 Qc7 11. g5 Ng8 12. Bf3 h5 13. Nge2 Ne7 14. Rg1 f5 15. gxf6
Nxf6 16. Ng3 Bg4 17. Bg5 Qd7 18. Nf1 O-O-O 19. Ne3 Bxf3 20. Qxf3 Rdf8 21. Qg3
Bh6 22. Bxh6 Rxh6 23. h4 Rh7 24. O-O-O Ng4 25. Rd2 Nh6 26. f3 Rhf7 27. Rf1 Rf4
28. Rdf2 Qe8 29. Kd2 Qf7 30. Ke2 Kb8 31. Ng2 Rf6 32. Ne3 Neg8 33. Ng2 Qc7 34.
Kd2 R8f7 35. Ne3 Qb6 36. Kc2 Qd8 37. Kd2 Qf8 38. Ke2 Ne7 39. Ncd1 Nc8 40. Nc3
Na7 41. Ke1 Nc8 42. Ke2 Nb6 43. Ke1 Qe8 44. b3 Nd7 45. Kd1 Qd8 46. Kc2 Qf8 47.
Ncd1 Nb6 48. Kd3 Na8 49. Nc3 Nc7 50. Ke2 Qe8 51. Qh3 Qh8 52. Rg2 Qf8 53. Rg3
Ng8 54. Rg2 Ne7 55. Rgf2 Rg7 56. Qg3 Rgf7 57. Ng2 Qh8 58. Kd3 Ng8 59. Ne2 Nh6
60. Ne3 Ka7 61. Nc3 Rf8 62. Ne2 Nf7 63. Rg2 Kb8 64. Qh3 Nh6 65. Nc3 Qh7 66. Ke2
Ne8 67. Rg3 Qf7 68. Qg2 Ng7 69. Ncd1 Ng8 70. Nf5 Nxf5 71. exf5 Ne7 72. Ne3 Nxf5
73. Nxf5 Rxf5 74. Rxg6 e4 75. Qg3 exf3+ 76. Kf2 Re5 77. Kg1 Ka7 78. Rf2 Re1+
79. Rf1 f2+ 80. Kg2 Rxf1 81. Kxf1 Qf5 0-1

[Event "Gibtelecom Festival 2010 - Masters"]
[Site "Gibraltar ENG"]
[Date "2010.02.02"]
[Round "8.30"]
[White "Al-Tamimi, Hamad"]
[Black "Battaglini, Gabriel"]
[Result "0-1"]
[WhiteElo "2238"]
[BlackElo "2411"]
[PlyCount "53"]
[EventDate "2010.01.26"]
[EventType "swiss"]
[EventRounds "10"]
[EventCountry "ENG"]
[Source "lmi"]
[SourceDate "2010.01.26"]

1. e4 e6 2. d4 d5 3. Nd2 c5 4. exd5 Qxd5 5. Ngf3 cxd4 6. Bc4 Qd6 7. O-O Nf6 8.
Nb3 Nc6 9. Nbxd4 Nxd4 10. Qxd4 Qxd4 11. Nxd4 a6 12. Be2 Be7 13. Bf3 e5 14. Nc6
e4 15. Nxe7 exf3 16. Nxc8 Rxc8 17. Re1+ Kd7 18. c3 Rhe8 19. Rd1+ Kc6 20. gxf3
Re2 21. Kf1 Rce8 22. Rb1 R2e5 23. Bf4 Rf5 24. Rd6+ Kc5 25. Bg3 Rxf3 26. Rbd1
Re6 27. Kg2 0-1

[Event "Gibtelecom Festival 2010 - Masters"]
[Site "Gibraltar ENG"]
[Date "2010.02.02"]
[Round "8.31"]
[White "Duhayon, Yves"]
[Black "Nezad, Husein Aziz"]
[Result "1/2-1/2"]
[WhiteElo "2241"]
[BlackElo "2408"]
[PlyCount "90"]
[EventDate "2010.01.26"]
[EventType "swiss"]
[EventRounds "10"]
[EventCountry "ENG"]
[Source "lmi"]
[SourceDate "2010.01.26"]

1. d4 d5 2. Nf3 Nf6 3. c4 e6 4. Bg5 Be7 5. e3 O-O 6. Nc3 Nbd7 7. Rc1 dxc4 8.
Bxc4 a6 9. O-O b5 10. Be2 Bb7 11. a3 c5 12. dxc5 Nxc5 13. Nd4 Rc8 14. b4 Ncd7
15. Nb3 Ne5 16. Na5 Ba8 17. Bf4 Nc6 18. Nxc6 Bxc6 19. Qxd8 Rfxd8 20. Rfd1 Rxd1+
21. Nxd1 Nd5 22. Be5 f6 23. Bd4 Bd6 24. Nb2 Kf7 25. Nd3 Ne7 26. Bc5 Bb8 27. f3
Bd5 28. e4 Bc4 29. Bxe7 Kxe7 30. Nb2 Bf4 31. Rc2 Be3+ 32. Kh1 Rd8 33. Nxc4 bxc4
34. g3 f5 35. exf5 exf5 36. f4 Kf6 37. Kg2 g5 38. fxg5+ Kxg5 39. h4+ Kf6 40.
Bxc4 Rc8 41. Bd3 Rxc2+ 42. Bxc2 Bc1 43. a4 Ba3 44. b5 axb5 45. axb5 Bc5 1/2-1/2

[Event "Gibtelecom Festival 2010 - Masters"]
[Site "Gibraltar ENG"]
[Date "2010.02.02"]
[Round "8.33"]
[White "Lacrosse, Marc"]
[Black "Karavade, Eesha"]
[Result "0-1"]
[WhiteElo "2220"]
[BlackElo "2405"]
[PlyCount "82"]
[EventDate "2010.01.26"]
[EventType "swiss"]
[EventRounds "10"]
[EventCountry "ENG"]
[Source "lmi"]
[SourceDate "2010.01.26"]

1. d4 d5 2. c4 c6 3. Nf3 Nf6 4. Nc3 dxc4 5. a4 Na6 6. e3 Bg4 7. Bxc4 e6 8. O-O
Nb4 9. Be2 Be7 10. h3 Bh5 11. Bd2 O-O 12. Qb3 c5 13. Rfd1 cxd4 14. Nb5 a5 15.
Bxb4 Bxb4 16. Nfxd4 Bxe2 17. Nxe2 Qe7 18. Rac1 Rac8 19. Rc4 Rfd8 20. Rxd8+ Qxd8
21. Ned4 g6 22. Rxc8 Qxc8 23. Qc2 Qxc2 24. Nxc2 Be7 25. Nca3 Ne4 26. Nc4 Bb4
27. Kf1 Kf8 28. f3 Nc5 29. Nc3 Bxc3 30. bxc3 Nxa4 31. Nxa5 b6 32. Nc4 b5 33.
Nd2 Nxc3 34. Nb3 Ke7 35. Ke1 Kd6 36. Kd2 Na4 37. e4 e5 38. Kc2 Nc5 39. Nc1 Ne6
40. Nd3 Nf4 41. Ne1 g5 0-1

[Event "Gibtelecom Festival 2010 - Masters"]
[Site "Gibraltar ENG"]
[Date "2010.02.02"]
[Round "8.34"]
[White "Sarkar, Justin"]
[Black "Weeramantry, Sunil"]
[Result "1-0"]
[WhiteElo "2378"]
[BlackElo "2201"]
[PlyCount "69"]
[EventDate "2010.01.26"]
[EventType "swiss"]
[EventRounds "10"]
[EventCountry "ENG"]
[Source "lmi"]
[SourceDate "2010.01.26"]

1. d4 Nf6 2. c4 g6 3. Nc3 Bg7 4. e4 d6 5. f4 O-O 6. Nf3 c5 7. d5 e6 8. Be2 exd5
9. cxd5 Re8 10. e5 dxe5 11. fxe5 Ng4 12. e6 fxe6 13. d6 Qb6 14. Ng5 Nf6 15. O-O
Bd7 16. Bc4 Nc6 17. Na4 Qa5 18. Bd2 Nb4 19. a3 b5 20. Nxc5 Qb6 21. Bxb4 bxc4
22. Kh1 a5 23. Rxf6 axb4 24. Nxd7 Qd8 25. Nxe6 Qxd7 26. Nxg7 Qxg7 27. Qd5+ Kh8
28. Rf7 Qxb2 29. Raf1 bxa3 30. d7 Rg8 31. Qd6 a2 32. Qe7 Rg7 33. d8=R+ Rxd8 34.
Qxd8+ Rg8 35. Rf8 1-0

[Event "Gibtelecom Festival 2010 - Masters"]
[Site "Gibraltar ENG"]
[Date "2010.02.02"]
[Round "8.38"]
[White "Henriksson, Johan"]
[Black "Calzetta Ruiz, Monica"]
[Result "1-0"]
[WhiteElo "2204"]
[BlackElo "2359"]
[PlyCount "81"]
[EventDate "2010.01.26"]
[EventType "swiss"]
[EventRounds "10"]
[EventCountry "ENG"]
[Source "lmi"]
[SourceDate "2010.01.26"]

1. d4 Nf6 2. Nf3 g6 3. g3 Bg7 4. Bg2 O-O 5. O-O d6 6. c4 a6 7. Nc3 Nc6 8. b3
Rb8 9. Bb2 b5 10. d5 Na5 11. cxb5 axb5 12. Nd4 b4 13. Na4 Bb7 14. e4 Nd7 15.
Rc1 Ba6 16. Re1 Ne5 17. Re3 Qd7 18. f4 c5 19. dxc6 Nexc6 20. e5 Nxd4 21. Qxd4
Rfc8 22. Ree1 Nc6 23. Qe3 Qb7 24. e6 f6 25. Rc2 Bb5 26. Rec1 Qa7 27. Bd4 Qa6
28. Nb6 Rc7 29. Bxc6 Bxc6 30. Rxc6 Rxc6 31. Rxc6 Qxa2 32. g4 f5 33. Bxg7 Kxg7
34. g5 Qa1+ 35. Rc1 Qb2 36. Nc4 Qa2 37. Qd4+ Kg8 38. Qb2 Qa7+ 39. Qf2 Qa8 40.
Qe3 Rb5 41. Nb6 1-0

[Event "Gibtelecom Festival 2010 - Masters"]
[Site "Gibraltar ENG"]
[Date "2010.02.02"]
[Round "8.39"]
[White "Ivanov, Stojan Emilov"]
[Black "Saravanan, V."]
[Result "1-0"]
[WhiteElo "2198"]
[BlackElo "2356"]
[PlyCount "89"]
[EventDate "2010.01.26"]
[EventType "swiss"]
[EventRounds "10"]
[EventCountry "ENG"]
[Source "lmi"]
[SourceDate "2010.01.26"]

1. d4 Nf6 2. c4 g6 3. Nc3 Bg7 4. e4 d6 5. h3 O-O 6. Nf3 Na6 7. Be2 c6 8. Bg5 e5
9. d5 h6 10. Be3 cxd5 11. cxd5 Nh5 12. Qd2 Kh7 13. g4 Nf4 14. Bxf4 exf4 15.
Qxf4 Qb6 16. Nb5 Bd7 17. a4 Bxb5 18. axb5 Nc5 19. O-O Rae8 20. Nd2 f5 21. Nc4
Qxb5 22. Nxd6 Qxe2 23. Nxe8 Rxe8 24. exf5 gxf5 25. Qxf5+ Kh8 26. d6 Qb5 27. d7
Rd8 28. Rae1 Qxd7 29. Qxc5 Bd4 30. Qh5 Qc6 31. Re2 Rf8 32. Qh4 Kg8 33. g5 Qf3
34. Qg4 Qxg4+ 35. hxg4 hxg5 36. Kg2 Rf7 37. Rd1 Bf6 38. Rd5 Rc7 39. f4 gxf4 40.
Kf3 Kf7 41. g5 Bg7 42. Kxf4 b6 43. Kf5 Bf8 44. Red2 Rc1 45. Rd7+ 1-0

[Event "Gibtelecom Festival 2010 - Masters"]
[Site "Gibraltar ENG"]
[Date "2010.02.02"]
[Round "8.40"]
[White "Byron, Alan M"]
[Black "Camus de Solliers, Guillau"]
[Result "1/2-1/2"]
[WhiteElo "2196"]
[BlackElo "2356"]
[PlyCount "103"]
[EventDate "2010.01.26"]
[EventType "swiss"]
[EventRounds "10"]
[EventCountry "ENG"]
[Source "lmi"]
[SourceDate "2010.01.26"]

1. c4 e5 2. Nc3 Nc6 3. g3 g6 4. Bg2 Bg7 5. b3 f5 6. Bb2 Nf6 7. Nf3 O-O 8. O-O
d6 9. d4 e4 10. Ne1 d5 11. e3 Be6 12. Qe2 Qe7 13. f3 Bf7 14. Nc2 exf3 15. Bxf3
Rfd8 16. Rae1 Kh8 17. c5 Ne4 18. Nxe4 dxe4 19. Bg2 Bd5 20. g4 Qg5 21. Rf4 a5
22. Ref1 Rf8 23. h4 Qxh4 24. gxf5 Qg5 25. fxg6 Qxg6 26. Qg4 Qxg4 27. Rxg4 Rxf1+
28. Kxf1 Re8 29. Rg5 Ne7 30. Bc3 b6 31. b4 Bc4+ 32. Ke1 Bd3 33. Kd2 h6 34. Rg4
Nd5 35. bxa5 Bxc2 36. cxb6 cxb6 37. axb6 Bd3 38. b7 Nf6 39. Rh4 Kh7 40. d5 Nxd5
41. Bxg7 Kxg7 42. Bxe4 Bxe4 43. Rxe4 Rb8 44. Re5 Nf6 45. Re7+ Kf8 46. Rc7 Ne4+
47. Ke2 Nd6 48. Rd7 Nf7 49. a4 Ke8 50. Rc7 Nd6 51. a5 Nxb7 52. Rh7 1/2-1/2

[Event "Gibtelecom Festival 2010 - Masters"]
[Site "Gibraltar ENG"]
[Date "2010.02.02"]
[Round "8.41"]
[White "Byrn, Carsten"]
[Black "Peek, Marcel"]
[Result "0-1"]
[WhiteElo "2171"]
[BlackElo "2342"]
[PlyCount "90"]
[EventDate "2010.01.26"]
[EventType "swiss"]
[EventRounds "10"]
[EventCountry "ENG"]
[Source "lmi"]
[SourceDate "2010.01.26"]

1. d4 f5 2. c4 Nf6 3. g3 g6 4. Bg2 Bg7 5. Nh3 O-O 6. O-O d6 7. d5 Na6 8. Nc3
Nc5 9. Be3 e5 10. dxe6 Nxe6 11. Nf4 c6 12. Rc1 Ng4 13. Nxe6 Nxe3 14. Nxd8 Nxd1
15. Rfxd1 Rxd8 16. e3 Be6 17. b3 Kf8 18. Kf1 Rac8 19. h4 Ke7 20. Ne2 a6 21. Nd4
Bd7 22. c5 dxc5 23. Rxc5 Be8 24. Ke2 Rd6 25. Nf3 Rxd1 26. Kxd1 Rd8+ 27. Ke2 Bf7
28. Rc2 a5 29. Nd2 a4 30. bxa4 Ra8 31. Nb1 Rxa4 32. a3 Ra5 33. Kd3 Kd6 34. Bf3
Kc7 35. Bd1 Bf8 36. Rc3 Bg7 37. Rc2 Bf8 38. Rc3 Bd5 39. f3 Ba2 40. Kc2 Bd6 41.
g4 fxg4 42. fxg4 Be5 43. Rd3 Rc5+ 44. Nc3 Bc4 45. Rd2 Bd5 0-1

[Event "Gibtelecom Festival 2010 - Masters"]
[Site "Gibraltar ENG"]
[Date "2010.02.02"]
[Round "8.42"]
[White "Reizniece, Dana"]
[Black "Osuna Vega, Enrique"]
[Result "1/2-1/2"]
[WhiteElo "2341"]
[BlackElo "2128"]
[PlyCount "107"]
[EventDate "2010.01.26"]
[EventType "swiss"]
[EventRounds "10"]
[EventCountry "ENG"]
[Source "lmi"]
[SourceDate "2010.01.26"]

1. c4 e5 2. Nc3 Nf6 3. g3 Bb4 4. Nd5 Nxd5 5. cxd5 c6 6. Bg2 O-O 7. a3 Be7 8. d4
d6 9. dxc6 Nxc6 10. d5 Nb8 11. Bd2 f5 12. Rc1 Na6 13. Nf3 Bf6 14. Bc3 Bd7 15.
O-O Rc8 16. b4 Qe7 17. Qd2 Rc7 18. Bb2 Rfc8 19. Rxc7 Rxc7 20. Rc1 Rxc1+ 21.
Qxc1 Qd8 22. Nd2 b6 23. e4 Qc8 24. Nc4 Qc7 25. Bf1 b5 26. Nd2 Qxc1 27. Bxc1 Nc7
28. f3 fxe4 29. fxe4 Bg5 30. Nb3 Bxc1 31. Nxc1 Kf7 32. Kf2 Na8 33. Ne2 Nb6 34.
Nc3 a6 35. Ke3 Ke7 36. Kd2 Bc8 37. Kc2 Kd8 38. Nd1 Kc7 39. Ne3 Bd7 40. Be2 Kd8
41. Nd1 Kc7 42. Nc3 Be8 43. Kb3 Bd7 44. Nd1 Kd8 45. Nb2 Kc7 46. Kc3 Bc8 47. Bh5
Bh3 48. Be2 Bc8 49. Bd1 Bd7 50. Be2 Bc8 51. Bd3 Bg4 52. Bc2 Bd7 53. Bd1 Kd8 54.
Be2 1/2-1/2

[Event "Gibtelecom Festival 2010 - Masters"]
[Site "Gibraltar ENG"]
[Date "2010.02.02"]
[Round "8.43"]
[White "Kvisla, Johannes Luangtep"]
[Black "Dittmar, Peter"]
[Result "1/2-1/2"]
[WhiteElo "2161"]
[BlackElo "2341"]
[PlyCount "79"]
[EventDate "2010.01.26"]
[EventType "swiss"]
[EventRounds "10"]
[EventCountry "ENG"]
[Source "lmi"]
[SourceDate "2010.01.26"]

1. d4 Nf6 2. c4 e6 3. Nc3 Bb4 4. Qc2 Nc6 5. Nf3 O-O 6. g3 d6 7. Bg2 e5 8. dxe5
dxe5 9. O-O Bxc3 10. Qxc3 Qe7 11. Bg5 Re8 12. Bxf6 Qxf6 13. Rad1 Qe7 14. Rd2 f6
15. Rfd1 Be6 16. b3 Rad8 17. Rxd8 Rxd8 18. Rxd8+ Nxd8 19. Ne1 c6 20. Nd3 Bg4
21. Kf1 Ne6 22. Ne1 Qd7 23. e3 Bf5 24. Qc1 e4 25. Kg1 Ng5 26. h4 Nf7 27. Qc2
Qe7 28. g4 Bxg4 29. Bxe4 h6 30. Ng2 Ne5 31. Nf4 Nf3+ 32. Bxf3 Bxf3 33. Qf5 Be4
34. Qc8+ Kh7 35. Ne6 g5 36. h5 b6 37. Nf8+ Kg7 38. Ne6+ Kh7 39. Nf8+ Kg7 40.
Ne6+ 1/2-1/2

[Event "Gibtelecom Festival 2010 - Masters"]
[Site "Gibraltar ENG"]
[Date "2010.02.02"]
[Round "8.45"]
[White "Nilsen, Joachim Birger"]
[Black "Kantans, Toms"]
[Result "1/2-1/2"]
[WhiteElo "2152"]
[BlackElo "2303"]
[PlyCount "51"]
[EventDate "2010.01.26"]
[EventType "swiss"]
[EventRounds "10"]
[EventCountry "ENG"]
[Source "lmi"]
[SourceDate "2010.01.26"]

1. e4 c5 2. Nf3 Nf6 3. e5 Nd5 4. c3 Nc6 5. d4 cxd4 6. cxd4 e6 7. Nc3 d6 8. Nxd5
exd5 9. Bd3 Bg4 10. O-O Be7 11. Bf4 dxe5 12. dxe5 Qb6 13. h3 Bh5 14. g4 Bg6 15.
Bxg6 hxg6 16. Qxd5 Nd8 17. Kg2 Ne6 18. Be3 Qa6 19. Rac1 O-O 20. Qc4 b5 21. Qb3
Rfd8 22. Rfd1 Qb7 23. Rxd8+ Rxd8 24. Rd1 Rxd1 25. Qxd1 a5 26. Qd3 1/2-1/2

[Event "Gibtelecom Festival 2010 - Masters"]
[Site "Gibraltar ENG"]
[Date "2010.02.02"]
[Round "8.47"]
[White "Demac, Elias"]
[Black "Kozlov, Oleg"]
[Result "1/2-1/2"]
[WhiteElo "2104"]
[BlackElo "2279"]
[PlyCount "213"]
[EventDate "2010.01.26"]
[EventType "swiss"]
[EventRounds "10"]
[EventCountry "ENG"]
[Source "lmi"]
[SourceDate "2010.01.26"]

1. d4 Nf6 2. c4 e6 3. Nf3 b6 4. g3 c6 5. Bg2 d5 6. O-O Ba6 7. cxd5 cxd5 8. Nc3
Be7 9. Qa4+ Qd7 10. Qxd7+ Nbxd7 11. Bg5 Bb4 12. Bxf6 gxf6 13. Rfe1 Bxc3 14.
bxc3 Rc8 15. Rac1 Rc4 16. Nd2 Ra4 17. Rc2 O-O 18. Bf1 Rc8 19. Rec1 f5 20. f3
Nf6 21. e3 Bxf1 22. Kxf1 b5 23. Ke2 Kf8 24. Kd3 Ke7 25. Rb1 a6 26. Rb4 Ra3 27.
Nb1 Ra5 28. a4 Ne8 29. axb5 axb5 30. Nd2 Nd6 31. e4 fxe4+ 32. fxe4 f5 33. e5
Ne4 34. Nb3 Ra7 35. Rxb5 Rac7 36. Nc5 Nxc5+ 37. dxc5 Rxc5 38. Rxc5 Rxc5 39. Ra2
Rc7 40. Ra4 Kf7 41. c4 dxc4+ 42. Rxc4 Rd7+ 43. Ke3 Rd1 44. Kf4 Kg6 45. Rc3 h5
46. h4 Rd4+ 47. Kf3 Re4 48. Re3 Rg4 49. Ra3 f4 50. gxf4 Kf5 51. Ra8 Rxf4+ 52.
Kg3 Rg4+ 53. Kh3 Rb4 54. Kg3 Rb3+ 55. Kg2 Re3 56. Rg8 Kf4 57. Rg6 Rxe5 58. Kf2
Kf5 59. Rg8 Ke4 60. Kg3 Rf5 61. Ra8 Ke5 62. Ra5+ Kf6 63. Ra6 Rb5 64. Ra8 Rb3+
65. Kg2 Rb4 66. Kg3 Rd4 67. Rf8+ Kg7 68. Re8 Rg4+ 69. Kh3 Re4 70. Re7+ Kf6 71.
Rh7 Re3+ 72. Kg2 Kg6 73. Rh8 Rd3 74. Rg8+ Kf6 75. Rh8 Rd5 76. Rh6+ Kf7 77. Kf3
Re5 78. Kf4 Ra5 79. Kf3 Rf5+ 80. Ke4 Ke7 81. Rh7+ Kf6 82. Rh6+ Kf7 83. Rh7+ Kg6
84. Re7 Kf6 85. Rh7 Re5+ 86. Kf4 Rf5+ 87. Ke4 Rb5 88. Rh6+ Kf7 89. Kf4 Ra5 90.
Kg3 Ra3+ 91. Kf4 Ra5 92. Rh7+ Kg6 93. Rh8 Ra4+ 94. Ke5 Rxh4 95. Kxe6 Re4+ 96.
Kd5 Ra4 97. Ke5 Kg5 98. Rg8+ Kh4 99. Kf5 Kh3 100. Rb8 Ra3 101. Kg5 h4 102. Rb4
Ra5+ 103. Kf4 Ra2 104. Kg5 Ra5+ 105. Kf4 Ra8 106. Rb3+ Kg2 107. Rb2+ 1/2-1/2

[Event "Gibtelecom Festival 2010 - Masters"]
[Site "Gibraltar ENG"]
[Date "2010.02.02"]
[Round "8.52"]
[White "Forsaa, Espen"]
[Black "Bindrich, Oswald"]
[Result "1/2-1/2"]
[WhiteElo "2301"]
[BlackElo "2173"]
[PlyCount "83"]
[EventDate "2010.01.26"]
[EventType "swiss"]
[EventRounds "10"]
[EventCountry "ENG"]
[Source "lmi"]
[SourceDate "2010.01.26"]

1. e4 c5 2. Nf3 d6 3. d4 cxd4 4. Nxd4 Nf6 5. Nc3 e6 6. Be3 a6 7. g4 e5 8. Nf5
g6 9. Bg2 gxf5 10. exf5 h5 11. h3 hxg4 12. hxg4 Rxh1+ 13. Bxh1 Qa5 14. g5 d5
15. gxf6 d4 16. Bxd4 exd4 17. Qxd4 Nc6 18. Bxc6+ bxc6 19. Qe4+ Kd7 20. O-O-O+
Kc7 21. Qe8 Bh6+ 22. Kb1 Qxf5 23. Qd8+ Kb7 24. Qe7+ Kb8 25. Na4 Ra7 26. Qd6+
Rc7 27. Nb6 Bf4 28. Qf8 Qe6 29. Qb4 Ka7 30. Nxc8+ Rxc8 31. Qxf4 c5 32. Qd6 Rc6
33. Qd7+ Kb6 34. Qd8+ Kb5 35. b3 Qxf6 36. a3 Qxd8 37. Rxd8 Rf6 38. c4+ Kc6 39.
Rd2 Rf3 40. Rb2 a5 41. a4 Kd6 42. Kc1 1/2-1/2

[Event "Gibtelecom Festival 2010 - Masters"]
[Site "Gibraltar ENG"]
[Date "2010.02.02"]
[Round "8.53"]
[White "Valgmae, Toomas"]
[Black "Videnova, Iva"]
[Result "0-1"]
[WhiteElo "2154"]
[BlackElo "2301"]
[PlyCount "86"]
[EventDate "2010.01.26"]
[EventType "swiss"]
[EventRounds "10"]
[EventCountry "ENG"]
[Source "lmi"]
[SourceDate "2010.01.26"]

1. d4 Nf6 2. c4 e6 3. g3 d5 4. Bg2 g6 5. Nf3 Bg7 6. O-O O-O 7. Nc3 c6 8. Qb3 a6
9. Bg5 h6 10. Bf4 Nbd7 11. Rac1 Re8 12. Rfd1 g5 13. Be5 g4 14. Bxf6 Bxf6 15.
Ne5 Nxe5 16. dxe5 Bxe5 17. e4 d4 18. c5 Bc7 19. e5 Bxe5 20. Ne4 f5 21. Nd6 Bxd6
22. Rxd4 Qg5 23. cxd6 Qxc1+ 24. Rd1 Qc5 25. d7 Bxd7 26. Rxd7 Rad8 27. Qxb7 Rxd7
28. Qxd7 Re7 29. Qd8+ Kf7 30. Qh8 Qc1+ 31. Bf1 c5 32. Kg2 Qg5 33. Bxa6 f4 34.
Qh7+ Qg7 35. Qxg7+ Kxg7 36. gxf4 Ra7 37. Bc4 Kf6 38. Bb3 Rd7 39. Bc4 Rd2 40. b3
Rxa2 41. Kg3 h5 42. Bd3 Rb2 43. Bc4 Rc2 0-1

[Event "Gibtelecom Festival 2010 - Masters"]
[Site "Gibraltar ENG"]
[Date "2010.02.02"]
[Round "8.54"]
[White "Carame Gonzalez, Francisco"]
[Black "Getz, Nicolai"]
[Result "0-1"]
[WhiteElo "1977"]
[BlackElo "2280"]
[PlyCount "48"]
[EventDate "2010.01.26"]
[EventType "swiss"]
[EventRounds "10"]
[EventCountry "ENG"]
[Source "lmi"]
[SourceDate "2010.01.26"]

1. e4 e6 2. d4 d5 3. e5 c5 4. c3 Nc6 5. Nf3 Qb6 6. Be2 Nh6 7. b3 cxd4 8. cxd4
Bb4+ 9. Kf1 O-O 10. Bb2 f6 11. exf6 Rxf6 12. Nc3 Bd7 13. Na4 Qc7 14. Rc1 Bd6
15. a3 b6 16. b4 Qb7 17. Nc3 Raf8 18. Kg1 Be8 19. Qb3 Rxf3 20. Bxf3 Nxd4 21.
Qd1 Nxf3+ 22. gxf3 Bh5 23. Qe2 Qf7 24. Re1 e5 0-1

[Event "Gibtelecom Festival 2010 - Masters"]
[Site "Gibraltar ENG"]
[Date "2010.02.02"]
[Round "8.55"]
[White "Nikolaidis, Konstantinos"]
[Black "Haarr, Jon Kristian"]
[Result "1-0"]
[WhiteElo "2266"]
[BlackElo "2157"]
[PlyCount "75"]
[EventDate "2010.01.26"]
[EventType "swiss"]
[EventRounds "10"]
[EventCountry "ENG"]
[Source "lmi"]
[SourceDate "2010.01.26"]

1. d4 Nf6 2. Nf3 d5 3. c4 c6 4. e3 e6 5. b3 Nbd7 6. Bb2 Bd6 7. Bd3 O-O 8. O-O
Qc7 9. c5 Be7 10. Qc2 h6 11. b4 Ne8 12. Ne5 Nxe5 13. dxe5 f5 14. f4 g5 15. Nd2
Ng7 16. Bd4 Bd7 17. a4 a6 18. Rab1 Rfc8 19. Rfc1 Ne8 20. Rb2 Qd8 21. Kh1 Nc7
22. g4 Qf8 23. Rg1 Ne8 24. Nf3 fxg4 25. Rxg4 Ng7 26. Qg2 h5 27. Rxg5 Bxg5 28.
Nxg5 a5 29. Nh7 Qe7 30. Qg6 Be8 31. Nf6+ Kf8 32. Nh7+ Kg8 33. Nf6+ Kf8 34. Qh6
Qf7 35. Rg2 axb4 36. Qh8+ Ke7 37. Rxg7 b3 38. Bg6 1-0